Právne postavenie investora v investičnej výstavbe záverečná práca postgraduálneho štúdia

Guardado en:
Detalles Bibliográficos
Autor principal: Határ, František
Autor Corporativo: Vysoká škola ekonomická v Bratislave
Otros Autores: Kubíček, M.
Formato: Libro
Lenguaje:eslovaco
Publicado: Bratislava 1989
Etiquetas: Agregar Etiqueta
Sin Etiquetas, Sea el primero en etiquetar este registro!

MARC

LEADER 00000nam a2200000 4500
001 c028180
005 20221215071223.7
041 0 |a slo 
044 |a SK 
245 1 0 |a Právne postavenie investora v investičnej výstavbe  |b záverečná práca postgraduálneho štúdia  |c František Határ ; ved. práce M. Kubíček 
264 1 |a Bratislava  |c 1989 
300 |a 68 s. 
100 1 |a Határ, František 
700 1 |a Kubíček, M. 
710 2 |a Vysoká škola ekonomická v Bratislave